| 000 | 00686nam a2200229 a 4500 | ||
|---|---|---|---|
| 999 |
_c854 _d854 |
||
| 001 | 854 | ||
| 003 | BD-JhCC | ||
| 005 | 20171010193819.0 | ||
| 008 | 171010s2004 bg a|||| ||a| 000 0 ben d | ||
| 020 | _a984776283X | ||
| 035 | _a(BD-JhCC) | ||
| 040 |
_aBD-JhCC _dBD-JhCC |
||
| 041 | _aben | ||
| 082 |
_a891.443 _bACH 2004. |
||
| 100 | _aএচিবি, চিনুয়া | ||
| 245 |
_aনেই আর নীলাকাশ / _c চিনুয়া এচিবি, মোহাম্মদ সাদিক (অনু.) |
||
| 260 |
_aঢাকা : _bঐতিহ্য, _c2004. |
||
| 300 |
_a126 p. : _c22 cm. |
||
| 650 | _aBengali Novel | ||
| 942 |
_2ddc _cBK |
||